Talent Management (Record no. 7073)

MARC details
000 -LEADER
fixed length control field 00314nam a2200145Ia 4500
008 - FIXED-LENGTH DATA ELEMENTS--GENERAL INFORMATION
fixed length control field 191201s2019 xx 000 0 und d
020 ## - INTERNATIONAL STANDARD BOOK NUMBER
International Standard Book Number 9386858657
082 ## - DEWEY DECIMAL CLASSIFICATION NUMBER
Classification number 658 JOT
100 ## - MAIN ENTRY--PERSONAL NAME
Personal name JOSHI, Gowri
245 #0 - TITLE STATEMENT
Title Talent Management
260 ## - PUBLICATION, DISTRIBUTION, ETC. (IMPRINT)
Name of publisher, distributor, etc Cangage
Date of publication, distribution, etc 2019
300 ## - PHYSICAL DESCRIPTION
Extent 345
650 ## - SUBJECT ADDED ENTRY--TOPICAL TERM
Topical term or geographic name as entry element MBA
942 ## - ADDED ENTRY ELEMENTS (KOHA)
Source of classification or shelving scheme Dewey Decimal Classification
Koha item type Text Books
Holdings
Withdrawn status Lost status Source of classification or shelving scheme Damaged status Not for loan Collection code Home library Current library Date acquired Source of acquisition Cost, normal purchase price Bill Number Total Checkouts Full call number Acc. no. / Barcode Date last seen Date last borrowed Actual Cost, discounted price Bill Date Koha item type
    Dewey Decimal Classification     MBA PIET C-LIBRARY PIET C-LIBRARY 21/07/2020 Kirti Prakashan 425.00 IN 4024 11 658 JOT 31332 25/10/2024 10/10/2024 297.50 04/06/2019 Text Books
    Dewey Decimal Classification     MBA PIET C-LIBRARY PIET C-LIBRARY 21/07/2020 Kirti Prakashan 425.00 IN 4024 8 658 JOT 31333 13/12/2023 22/11/2023 297.50 04/06/2019 Text Books
    Dewey Decimal Classification     MBA PIET C-LIBRARY PIET C-LIBRARY 21/07/2020 Kirti Prakashan 425.00 IN 4024 9 658 JOT 31334 15/07/2025 31/08/2024 297.50 04/06/2019 Text Books
    Dewey Decimal Classification     MBA PIET C-LIBRARY PIET C-LIBRARY 21/07/2020 Kirti Prakashan 425.00 IN 4024 11 658 JOT 31335 21/10/2024 10/10/2024 297.50 04/06/2019 Text Books
    Dewey Decimal Classification     MBA PIET C-LIBRARY PIET C-LIBRARY 21/07/2020 Kirti Prakashan 425.00 IN 4024 11 658 JOT 31336 04/12/2024 26/11/2024 297.50 04/06/2019 Text Books

Design & Developed by: PIET Central Library
R70 Miles Stone Pattikalyana Samalkha Panipat 132102
mail ID :- [email protected], Phone No:- 0180-2569700 Ex.216